Driving excellence : How the aggregate system turned Microchip Technology from a failing company to a market leader
Uloženo v:
| Hlavní autor: | |
|---|---|
| Médium: | Sách |
| Jazyk: | Undetermined |
| Vydáno: |
John Wiley & Sons, Inc.
2006
|
| Témata: | |
| Tagy: |
Přidat tag
Žádné tagy, Buďte první, kdo otaguje tento záznam!
|
| Thư viện lưu trữ: | Trung tâm Thư viện - Trường Đại học Công nghiệp TP. Hồ Chí Minh |
|---|
| LEADER | 00573nam a2200157Ia 4500 | ||
|---|---|---|---|
| 001 | UIH_04534 | ||
| 008 | 231011s9999 xx 000 0 und d | ||
| 082 | |a 338.76 | ||
| 100 | |a Jones, Michael | ||
| 245 | 0 | |a Driving excellence : How the aggregate system turned Microchip Technology from a failing company to a market leader | |
| 245 | 0 | |c Jones, Michael | |
| 260 | |b John Wiley & Sons, Inc. | ||
| 260 | |c 2006 | ||
| 650 | |a Tổ chức kinh doanh; | ||
| 927 | |a Sách | ||
| 980 | |a Trung tâm Thư viện - Trường Đại học Công nghiệp TP. Hồ Chí Minh | ||